[Event "2 IECC, Ohrid"]
[Site "Ohrid MKD"]
[Date "2001.06.11"]
[Round "10.66"]
[White "Narciso Dublan, Marc"]
[Black "Fedorchuk, Serhii"]
[Result "0-1"]
[WhiteElo "2544"]
[BlackElo "2528"]
[EventDate "2001.06.01"]
[PlyCount "172"]

1.d4 Nf6 2.c4 e6 3.Nc3 Bb4 4.Qc2 O-O 5.a3 Bxc3+ 6.Qxc3 b6 7.Nf3 Bb7 8.Bg5 
d6 9.Nd2 Nbd7 10.f3 h6 11.Bh4 Rc8 12.e4 c5 13.d5 exd5 14.cxd5 Nxe4 15.Bxd8
Nxc3 16.bxc3 Rcxd8 17.c4 Rfe8+ 18.Kf2 Re7 19.Be2 Rde8 20.Rhe1 Nf6 21.a4 
Kf8 22.g3 Rb8 23.Reb1 Bc8 24.Rb2 Bf5 25.Nb3 Nd7 26.Nc1 Ne5 27.Ra3 Bc8 28.
Nb3 Ke8 29.Nd2 Bf5 30.Nf1 g5 31.Ne3 Bc8 32.a5 Kd8 33.axb6 axb6 34.Rba2 
Reb7 35.Ra1 Bd7 36.Rb1 Kc7 37.h4 gxh4 38.gxh4 Ng6 39.Kg3 Rg8 40.h5 Ne7+ 
41.Kf2 Nf5 42.Nxf5 Bxf5 43.Re1 Re8 44.Rg1 Kd7 45.Bd1 Ke7 46.Re1+ Kf8 47.
Rxe8+ Kxe8 48.Ra8+ Ke7 49.Ba4 Bd7 50.Bxd7 Kxd7 51.Ke3 Ke7 52.Rh8 b5 53.
cxb5 Rxb5 54.Rxh6 Rb3+ 55.Ke2 Rb8 56.f4 Rb4 57.Rh8 Rd4 58.Ke3 Rxd5 59.Ke4 
Rd1 60.h6 Kf6 61.Rf8 d5+ 62.Ke3 Rh1 63.Rc8 Rh3+ 64.Ke2 c4 65.Rd8 Ke6 66.
Rh8 Kd7 67.f5 d4 68.Rf8 Rxh6 69.Rxf7+ Kd6 70.Rf8 Rh2+ 71.Kf3 Rh3+ 72.Ke4 
Rh4+ 73.Kf3 Ke5 74.Rc8 c3 75.Rc5+ Kd6 76.Rc8 Kd5 77.Rc7 Rh3+ 78.Kg4 Rh1 
79.f6 Rf1 80.f7 Ke4 81.Kg5 Kd3 82.Kg6 c2 83.Rc6 Kd2 84.Rf6 Rxf6+ 85.Kxf6 
c1=Q 86.f8=Q Qf1+ 0-1

[Event "2 IECC, Ohrid"]
[Site "Ohrid MKD"]
[Date "2001.06.11"]
[Round "10.67"]
[White "Jobava, Baadur"]
[Black "Cao, Sang"]
[Result "1-0"]
[WhiteElo "2543"]
[BlackElo "2488"]
[EventDate "2001.06.01"]
[PlyCount "71"]

1.c4 Nf6 2.Nc3 c5 3.g3 g6 4.Bg2 Bg7 5.Nf3 O-O 6.O-O Nc6 7.d4 cxd4 8.Nxd4 
Qa5 9.Nb3 Qd8 10.c5 b6 11.Bf4 Bb7 12.Qd2 Rc8 13.Rfd1 Ba8 14.Bh3 bxc5 15.
Nxc5 Nb8 16.Qe3 Qb6 17.Nb3 Qb7 18.f3 Rfe8 19.Qf2 Rcd8 20.e4 d6 21.Be3 Nc6 
22.Nd4 Ne5 23.b3 a6 24.Qe2 Ned7 25.Rac1 Rc8 26.Na4 Rxc1 27.Rxc1 Rc8 28.
Rxc8+ Qxc8 29.Nb6 Qc3 30.Nxa8 e6 31.Qd2 Qc8 32.Nxe6 Ne5 33.Kg2 Qxa8 34.
Nxg7 Kxg7 35.Bh6+ Kg8 36.Qxd6 1-0

[Event "2 IECC, Ohrid"]
[Site "Ohrid MKD"]
[Date "2001.06.11"]
[Round "10.68"]
[White "Izoria, Zviad"]
[Black "Timoscenko, Gennadij"]
[Result "1-0"]
[WhiteElo "2489"]
[BlackElo "2531"]
[EventDate "2001.06.01"]
[PlyCount "73"]

1.d4 d5 2.c4 e6 3.Nf3 Nf6 4.Nc3 Be7 5.Qc2 O-O 6.cxd5 Nxd5 7.a3 Nxc3 8.Qxc3
Nd7 9.e4 c5 10.Be3 cxd4 11.Bxd4 Nf6 12.Bd3 b6 13.Rd1 Qe8 14.Qc2 Kh8 15.Ng5
h6 16.h4 e5 17.Bxe5 hxg5 18.hxg5+ Nh7 19.f4 Bxg5 20.Qc3 f6 21.Bd6 Bh6 22.
e5 f5 23.Bxf8 Qxf8 24.Qc6 Rb8 25.Qg6 b5 26.Rh5 Rb6 27.Qg3 Be6 28.Qh3 Qf7 
29.Bxf5 Nf8 30.Rd8 Bc4 31.g4 Qe7 32.Rc8 b4 33.Rxc4 bxa3 34.Qxa3 Qf7 35.Rc8
Kg8 36.Rxf8+ Qxf8 37.Bh7+ 1-0

[Event "2 IECC, Ohrid"]
[Site "Ohrid MKD"]
[Date "2001.06.11"]
[Round "10.70"]
[White "Mrva, Martin"]
[Black "Slobodjan, Roman"]
[Result "0-1"]
[WhiteElo "2479"]
[BlackElo "2529"]
[EventDate "2001.06.01"]
[PlyCount "52"]

1.e4 e5 2.Nf3 Nc6 3.Bb5 a6 4.Ba4 Nf6 5.d3 d6 6.c4 g6 7.Bg5 Bg7 8.Nc3 O-O 
9.Qd2 Bg4 10.Bxc6 bxc6 11.h3 Bxf3 12.gxf3 Qd7 13.f4 exf4 14.Bxf4 Nh5 15.
Bh6 f5 16.Bxg7 Qxg7 17.O-O-O Rf7 18.Qe3 Raf8 19.f3 fxe4 20.fxe4 Rf3 21.Qa7
Nf4 22.Kc2 Nxh3 23.Rd2 Nf2 24.Rg1 c5 25.Rg2 Qd7 26.Nd5 Qa4+ 0-1

[Event "2 IECC, Ohrid"]
[Site "Ohrid MKD"]
[Date "2001.06.11"]
[Round "10.71"]
[White "Podgaets, Mikhail"]
[Black "Tischbierek, Raj"]
[Result "1/2-1/2"]
[WhiteElo "2477"]
[BlackElo "2527"]
[EventDate "2001.06.01"]
[PlyCount "125"]

1.d4 d6 2.Nf3 Bg4 3.g3 Bxf3 4.exf3 d5 5.Bg2 e6 6.O-O g6 7.c3 Bg7 8.Qe2 Nd7
9.Nd2 Ne7 10.f4 O-O 11.Nf3 c5 12.dxc5 Nxc5 13.Be3 Nd7 14.Nd4 Rc8 15.Rfd1 
Nb6 16.Bh3 Rc4 17.a4 Qb8 18.a5 Nbc8 19.a6 b6 20.Nf3 Nd6 21.Bd4 Ne4 22.Ne5 
Rc7 23.c4 Nd6 24.b3 Ndf5 25.Bb2 Qc8 26.Ba3 Rd8 27.Bg2 h5 28.h3 Nc6 29.cxd5
Ncd4 30.Qf1 Nc2 31.d6 Rc3 32.d7 Qc7 33.Bb2 Nxa1 34.Bxc3 Nxb3 35.Bb2 Nc5 
36.Qe2 f6 37.Nxg6 Rxd7 38.Rc1 Qd6 39.Ba3 h4 40.Bxc5 bxc5 41.g4 Nd4 42.Qc4 
Bh6 43.Rb1 Kg7 44.f5 exf5 45.gxf5 Bg5 46.Be4 Be3 47.fxe3 Qg3+ 48.Kf1 Qxh3+
49.Kf2 Nxf5 50.Rb7 Qxe3+ 51.Kf1 Rxb7 52.axb7 Ng3+ 53.Kg2 Nxe4 54.b8=Q Qf2+
55.Kh3 Qf3+ 56.Kxh4 Qf2+ 57.Kh3 Qf3+ 58.Kh4 Qf2+ 59.Kh3 Qf3+ 60.Kh4 Qf2+ 
61.Kh3 Qf5+ 62.Kh2 Qf2+ 63.Kh3 1/2-1/2

[Event "2 IECC, Ohrid"]
[Site "Ohrid MKD"]
[Date "2001.06.11"]
[Round "10.75"]
[White "Rogic, Davor"]
[Black "Chatalbashev, Boris"]
[Result "1-0"]
[WhiteElo "2457"]
[BlackElo "2518"]
[EventDate "2001.06.01"]
[PlyCount "135"]

1.e4 g6 2.d4 Bg7 3.Nf3 d6 4.c3 Nf6 5.Bd3 O-O 6.O-O c5 7.h3 Nc6 8.d5 Ne5 9.
Nxe5 dxe5 10.Be3 b6 11.a4 e6 12.dxe6 Bxe6 13.Na3 Rc8 14.Qe2 c4 15.Bxc4 
Bxc4 16.Nxc4 Nxe4 17.Rfd1 Qh4 18.Nd6 Nxd6 19.Rxd6 f5 20.f3 e4 21.f4 g5 22.
Qf2 Qxf2+ 23.Kxf2 gxf4 24.Bxf4 Rc4 25.Ke3 Rfc8 26.Rd5 R4c5 27.Rad1 Bf8 28.
Rd8 R5c6 29.R1d5 Rxd8 30.Rxd8 a6 31.g4 fxg4 32.hxg4 Kf7 33.Kxe4 b5 34.axb5
axb5 35.Rd7+ Kg6 36.Be5 b4 37.cxb4 Rc4+ 38.Kf3 Rxb4 39.Rd8 Rb3+ 40.Ke4 
Rb4+ 41.Kd3 Be7 42.Rd7 Bf8 43.Rd8 Be7 44.Rg8+ Kf7 45.Rg7+ Ke6 46.Bc3 Rf4 
47.Ke3 Rf7 48.Rxf7 Kxf7 49.b4 Kg6 50.b5 Bd8 51.Ke4 Kg5 52.Kf3 h5 53.Bd2+ 
Kg6 54.g5 Kf5 55.Kg3 Bb6 56.Kf3 Bd8 57.Be3 Bc7 58.Kg2 Kg6 59.Kh3 Ba5 60.
Kg3 Be1+ 61.Kf4 Bb4 62.b6 Bd6+ 63.Kf3 Kf5 64.b7 Bb8 65.Kg2 Ke6 66.Kh3 Kd5 
67.g6 Ke6 68.Kh4 1-0

[Event "2 IECC, Ohrid"]
[Site "Ohrid MKD"]
[Date "2001.06.11"]
[Round "10.76"]
[White "Torfinnsson, Bragi"]
[Black "Acs, Peter"]
[Result "0-1"]
[WhiteElo "2292"]
[BlackElo "2509"]
[EventDate "2001.06.01"]
[PlyCount "78"]

1.d4 Nf6 2.c4 e6 3.Nc3 Bb4 4.e3 O-O 5.Bd3 d5 6.cxd5 exd5 7.f3 Re8 8.Ne2 
Bf8 9.O-O c5 10.Qe1 Nc6 11.Qf2 b6 12.g4 Nb4 13.Bb1 Ba6 14.Rd1 g6 15.h4 
cxd4 16.Nxd4 Rc8 17.a3 Nc6 18.Nxc6 Rxc6 19.Ba2 Qc8 20.g5 Ne4 21.Nxe4 dxe4 
22.Bd2 Bc4 23.Bxc4 Rxc4 24.Rac1 exf3 25.Qxf3 Qg4+ 26.Qxg4 Rxg4+ 27.Kf2 
Rxh4 28.Kg3 Rhe4 29.b4 R4e5 30.e4 Rxe4 31.Bf4 h6 32.Rd7 hxg5 33.Bxg5 R4e5 
34.Bf6 Rf5 35.Bd4 a5 36.Bxb6 axb4 37.axb4 Bxb4 38.Bd4 Bf8 39.Rh1 Bg7 0-1

[Event "2 IECC, Ohrid"]
[Site "Ohrid MKD"]
[Date "2001.06.11"]
[Round "10.77"]
[White "Golod, Vitali"]
[Black "Bogdanovski, Vlatko"]
[Result "1-0"]
[WhiteElo "2593"]
[BlackElo "2463"]
[EventDate "2001.06.01"]
[PlyCount "81"]

1.e4 d6 2.d4 Nf6 3.Nc3 g6 4.f4 Bg7 5.Nf3 O-O 6.Bd3 Na6 7.O-O c5 8.d5 Bg4 
9.Bc4 Nc7 10.h3 Bxf3 11.Qxf3 a6 12.a4 Nd7 13.Qd3 Nb6 14.Ba2 Nd7 15.Bb3 Rb8
16.a5 b5 17.axb6 Nxb6 18.Na4 Nxa4 19.Rxa4 Qd7 20.Ra2 Rb4 21.Bc4 e6 22.dxe6
fxe6 23.c3 Rb6 24.Be3 Qc6 25.Rd1 Re8 26.Bf2 Kh8 27.Kh1 Bf6 28.b4 Nb5 29.
bxc5 dxc5 30.e5 Rd8 31.Qf1 Rxd1 32.Qxd1 Be7 33.Qd3 Rb8 34.Rd2 Rb7 35.Kh2 
Kg7 36.Be3 Rc7 37.g4 Na3 38.f5 Nxc4 39.Qxc4 Bf8 40.Bg5 h6 41.Bf6+ 1-0

[Event "2 IECC, Ohrid"]
[Site "Ohrid MKD"]
[Date "2001.06.11"]
[Round "10.80"]
[White "Mitkov, Nikola"]
[Black "Minasian, Ara"]
[Result "1/2-1/2"]
[WhiteElo "2578"]
[BlackElo "2478"]
[EventDate "2001.06.01"]
[PlyCount "127"]

1.e4 Nf6 2.e5 Nd5 3.d4 d6 4.c4 Nb6 5.exd6 exd6 6.Nc3 Nc6 7.Be3 Be7 8.b3 
Bf6 9.Be2 O-O 10.Nf3 Bf5 11.O-O d5 12.c5 Nc8 13.Qd2 N8e7 14.h3 Be4 15.g4 
h6 16.Nh2 Re8 17.Rad1 Ng6 18.f3 Bc2 19.Nxd5 Bxd1 20.Nxf6+ Qxf6 21.Rxd1 
Rad8 22.Bf1 Nf4 23.Bf2 Re7 24.Kh1 a6 25.Qb2 Red7 26.Re1 Nxd4 27.Re4 Nfe6 
28.c6 Nxc6 29.Qxf6 gxf6 30.Be3 Kg7 31.Kg2 Rd5 32.Kf2 Ra5 33.a4 Nc5 34.Rc4 
Nxb3 35.Bg2 Rad5 36.f4 R5d6 37.Nf1 Nbd4 38.Ng3 Kg8 39.Ne4 Re6 40.Nc5 Rxe3 
41.Kxe3 b5 42.Rc1 Nb4 43.a5 Ndc2+ 44.Ke2 Rd4 45.Nxa6 Nxa6 46.Rxc2 Ra4 47.
Bb7 Rxa5 48.Rc6 Ra2+ 49.Ke3 Nb4 50.Rxc7 Nc2+ 51.Kd3 Ne1+ 52.Ke4 Ra7 53.
Rc8+ Kg7 54.Bd5 Re7+ 55.Kd4 Rd7 56.Rc5 b4 57.Rb5 Nc2+ 58.Kc5 Ne3 59.Bb3 f5
60.gxf5 Kf6 61.Rb6+ Kxf5 62.Rxh6 Kxf4 63.Rh7 Kg5 64.Rxf7 1/2-1/2

[Event "2 IECC, Ohrid"]
[Site "Ohrid MKD"]
[Date "2001.06.11"]
[Round "10.81"]
[White "Guliev, Sarhan"]
[Black "Hillarp Persson, Tiger"]
[Result "1/2-1/2"]
[WhiteElo "2528"]
[BlackElo "2443"]
[EventDate "2001.06.01"]
[PlyCount "93"]

1.d4 Nf6 2.Nf3 g6 3.g3 Bg7 4.Bg2 O-O 5.O-O d6 6.c4 c5 7.Nc3 Nc6 8.dxc5 
dxc5 9.Be3 Qa5 10.Qa4 Qxa4 11.Nxa4 b6 12.Rad1 Bf5 13.Nc3 Ne4 14.Nh4 Bxc3 
15.bxc3 Ne5 16.Rd5 Nxc4 17.Nxf5 gxf5 18.Rxf5 Nxc3 19.Bh6 f6 20.Bxf8 Rxf8 
21.Bd5+ Nxd5 22.Rxd5 Nd6 23.e4 Kf7 24.Re1 Rc8 25.f4 c4 26.e5 fxe5 27.Rdxe5
Rc7 28.Kf2 b5 29.Rb1 c3 30.Ke2 b4 31.Rc1 Nc4 32.Rb5 a5 33.Kd3 Na3 34.Rxa5 
Rd7+ 35.Ke4 Rd2 36.Rxa3 bxa3 37.Rxc3 Rxa2 38.h4 Ra1 39.Kf5 a2 40.Ra3 e6+ 
41.Kg4 h6 42.Ra6 Kg7 43.h5 Kf7 44.Ra3 Kg7 45.Ra7+ Kf6 46.Ra6 Kf7 47.Ra7+ 
1/2-1/2

[Event "2 IECC, Ohrid"]
[Site "Ohrid MKD"]
[Date "2001.06.11"]
[Round "10.82"]
[White "Efimenko, Zahar"]
[Black "Miladinovic, Igor"]
[Result "1/2-1/2"]
[WhiteElo "2439"]
[BlackElo "2519"]
[EventDate "2001.06.01"]
[PlyCount "64"]

1.e4 c5 2.Nf3 Nc6 3.d4 cxd4 4.Nxd4 Qc7 5.Nc3 e6 6.Be3 a6 7.Bd3 Nf6 8.O-O 
h5 9.h3 b5 10.Nb3 Ne5 11.f4 Nc4 12.Bd4 Nxb2 13.Nxb5 axb5 14.Bxb2 Bb7 15.
Qe2 Ra4 16.Bd4 h4 17.c3 Ra8 18.Qe3 Rh6 19.Nd2 Nh5 20.Bxb5 Rg6 21.Rf3 Rg3 
22.Rxg3 Nxg3 23.a4 Bc6 24.c4 Bb4 25.Nf3 f6 26.Nxh4 Nxe4 27.Qf3 Kf7 28.Rb1 
Bd2 29.Qh5+ Kg8 30.Ng6 Bxf4 31.Ne7+ Kf8 32.Ng6+ Kg8 1/2-1/2

[Event "2 IECC, Ohrid"]
[Site "Ohrid MKD"]
[Date "2001.06.11"]
[Round "10.85"]
[White "Dancevski, Orce"]
[Black "Shneider, Alexander"]
[Result "1/2-1/2"]
[WhiteElo "2428"]
[BlackElo "2516"]
[EventDate "2001.06.01"]
[PlyCount "30"]

1.d4 Nf6 2.c4 e6 3.Nf3 b6 4.e3 Bb7 5.Bd3 d5 6.O-O Bd6 7.Nc3 O-O 8.Qe2 Ne4 
9.Nb5 dxc4 10.Bxc4 Nd7 11.Nxd6 cxd6 12.Bd2 Nxd2 13.Nxd2 Nf6 14.Rac1 Qe7 
15.Rc2 Rfc8 1/2-1/2

[Event "2 IECC, Ohrid"]
[Site "Ohrid MKD"]
[Date "2001.06.11"]
[Round "10.86"]
[White "Khruschiov, Alexei"]
[Black "Kuczynski, Robert"]
[Result "1/2-1/2"]
[WhiteElo "2400"]
[BlackElo "2509"]
[EventDate "2001.06.01"]
[PlyCount "55"]

1.e4 e5 2.Nf3 Nf6 3.Nxe5 d6 4.Nf3 Nxe4 5.d4 d5 6.Bd3 Nc6 7.O-O Bg4 8.Re1 
Be7 9.c4 Nf6 10.Nc3 Bxf3 11.Qxf3 Nxd4 12.Qd1 Ne6 13.cxd5 Nxd5 14.Bb5+ c6 
15.Nxd5 cxb5 16.Qb3 O-O 17.Qxb5 Bc5 18.Rd1 b6 19.Be3 Bxe3 20.Nxe3 Qe8 21.
Qd5 Rc8 22.b4 Qa4 23.Qb3 Qxb3 24.axb3 Rc3 25.Ra3 Rfc8 26.Kf1 a5 27.bxa5 
bxa5 28.Rxa5 1/2-1/2

[Event "2 IECC, Ohrid"]
[Site "Ohrid MKD"]
[Date "2001.06.11"]
[Round "10.87"]
[White "Kantsler, Boris"]
[Black "Weiss, Christian"]
[Result "1-0"]
[WhiteElo "2507"]
[BlackElo "2368"]
[EventDate "2001.06.01"]
[PlyCount "85"]

1.d4 Nf6 2.c4 c5 3.d5 b5 4.Nd2 bxc4 5.e4 e6 6.dxe6 dxe6 7.Bxc4 Be7 8.Ngf3 
O-O 9.Qe2 Nc6 10.O-O Qc7 11.e5 Nd7 12.Re1 Nb4 13.Qe4 Bb7 14.Qb1 Nb6 15.Bf1
c4 16.a3 N4d5 17.Ne4 h6 18.Bd2 Rfc8 19.Qc2 Bc6 20.Rac1 Ba4 21.Qb1 Qd7 22.
g4 Rab8 23.g5 h5 24.g6 fxg6 25.Bh3 Rf8 26.Neg5 Rf5 27.Bxf5 gxf5 28.h4 Bc5 
29.Kg2 Bc6 30.Kg3 Rf8 31.b3 c3 32.Bxc3 Bxa3 33.Bb2 Be7 34.Rxc6 Qxc6 35.Nd4
Qe8 36.Ndxe6 Bxg5 37.Nxg5 Qb5 38.Ba3 g6 39.Bxf8 Kxf8 40.Qc2 Ke8 41.Rc1 Nb4
42.Qc7 Qd3+ 43.Kh2 1-0

[Event "2 IECC, Ohrid"]
[Site "Ohrid MKD"]
[Date "2001.06.11"]
[Round "10.88"]
[White "Jacimovic, Dragoljub"]
[Black "Organdziev, Oliver"]
[Result "1-0"]
[WhiteElo "2504"]
[BlackElo "2322"]
[EventDate "2001.06.01"]
[PlyCount "37"]

1.d4 d5 2.c4 Bf5 3.cxd5 Bxb1 4.Qa4+ c6 5.Rxb1 Qxd5 6.Nf3 Nd7 7.b4 e6 8.Qc2
Ngf6 9.e3 Nb6 10.Bd3 Be7 11.O-O Qh5 12.e4 Rd8 13.a4 O-O 14.a5 Nbd7 15.a6 
bxa6 16.Qxc6 a5 17.bxa5 Qxa5 18.Rb5 Qa4 19.Bc2 1-0

[Event "2 IECC, Ohrid"]
[Site "Ohrid MKD"]
[Date "2001.06.11"]
[Round "10.89"]
[White "Morrison, Chris"]
[Black "Dervishi, Erald"]
[Result "1/2-1/2"]
[WhiteElo "2176"]
[BlackElo "2491"]
[EventDate "2001.06.01"]
[PlyCount "128"]

1.e4 e5 2.Nf3 Nc6 3.Nc3 Nf6 4.Bb5 Nd4 5.Nxd4 exd4 6.e5 dxc3 7.exf6 Qxf6 8.
dxc3 c6 9.Bd3 d5 10.O-O Bd6 11.Qh5 h6 12.Re1+ Be6 13.Bg5 Qxg5 14.Rxe6+ Be7
15.Qxg5 hxg5 16.Re3 Kf8 17.h3 g6 18.c4 d4 19.Re4 Rd8 20.Rae1 Rd7 21.a4 a6 
22.b3 Ke8 23.R1e2 Kd8 24.Re5 Rh4 25.R5e4 Rh5 26.Re5 Bd6 27.R5e4 Kc7 28.Re8
Rh4 29.R2e4 Rxe4 30.Rxe4 Kb6 31.Kf1 Kc5 32.Ke2 Be7 33.Kf3 Bf6 34.Ke2 Rd8 
35.f4 Kb4 36.fxg5 Bxg5 37.Re5 Bf6 38.Re4 Rd7 39.Kf3 Kc3 40.Ke2 Bg5 41.Re5 
Be3 42.Re8 a5 43.Re5 Kb4 44.h4 b6 45.h5 Rd6 46.hxg6 fxg6 47.g4 Bf4 48.Re8 
Kc3 49.g5 Bxg5 50.Rg8 Re6+ 51.Kf1 Rf6+ 52.Ke2 Be3 53.Rxg6 Rf2+ 54.Ke1 Rxc2
55.Bxc2 Kxc2 56.Rxc6 d3 57.Rd6 Bc5 58.Rd5 Bb4+ 59.Kf2 d2 60.Ke2 Kxb3 61.
Kd1 Bc5 62.Rxd2 Kxc4 63.Rb2 Bb4 64.Kc2 b5 1/2-1/2

[Event "2 IECC, Ohrid"]
[Site "Ohrid MKD"]
[Date "2001.06.11"]
[Round "10.90"]
[White "Abbasov, Farid"]
[Black "Stamenkov, Vanco"]
[Result "1-0"]
[WhiteElo "2439"]
[BlackElo "2380"]
[EventDate "2001.06.01"]
[PlyCount "97"]

1.d4 Nf6 2.c4 c5 3.Nf3 g6 4.Nc3 cxd4 5.Nxd4 Bg7 6.e4 d6 7.Be2 O-O 8.Be3 
Nc6 9.O-O Bd7 10.Rc1 a6 11.a4 Nxd4 12.Bxd4 Bc6 13.f3 Qa5 14.Rb1 Qb4 15.b3 
Nh5 16.Rf2 Bxd4 17.Qxd4 Nf4 18.Bf1 e5 19.Qd2 Ne6 20.Nd5 Qxd2 21.Rxd2 Bxd5 
22.Rxd5 Rfd8 23.a5 Kf8 24.b4 Ke7 25.Rb2 f6 26.Kf2 Nd4 27.Ke3 Ne6 28.g3 
Rac8 29.f4 g5 30.fxe5 dxe5 31.c5 Nc7 32.Bh3 Rb8 33.Rbd2 Nxd5+ 34.exd5 h5 
35.Be6 Rh8 36.h3 f5 37.Bxf5 g4 38.d6+ Kf6 39.hxg4 hxg4 40.Bxg4 Rh1 41.Rd1 
Rxd1 42.Bxd1 Rg8 43.g4 Rh8 44.Bf3 Rh3 45.Kf2 Rh2+ 46.Kg3 Rb2 47.Bxb7 Rxb4 
48.c6 Ke6 49.c7 1-0

[Event "2 IECC, Ohrid"]
[Site "Ohrid MKD"]
[Date "2001.06.11"]
[Round "10.91"]
[White "Kristjansson, Stefan"]
[Black "Likavsky, Tomas"]
[Result "0-1"]
[WhiteElo "2371"]
[BlackElo "2425"]
[EventDate "2001.06.01"]
[PlyCount "76"]

1.e4 c5 2.Nf3 e6 3.d4 cxd4 4.Nxd4 Qb6 5.Nb3 Qc7 6.Nc3 a6 7.a3 d6 8.g3 b5 
9.Bg2 Bb7 10.O-O Nf6 11.Qe2 Be7 12.Be3 O-O 13.Rad1 Nbd7 14.f4 Rac8 15.g4 
Nb6 16.g5 Nfd7 17.f5 Na4 18.fxe6 Nxc3 19.exf7+ Rxf7 20.bxc3 Ne5 21.Nd4 
Qxc3 22.Rxf7 Nxf7 23.h4 g6 24.Bh3 Rf8 25.Be6 Bxe4 26.Rf1 Kg7 27.Bb3 Nd8 
28.Rxf8 Kxf8 29.Kf2 d5 30.Qg4 Qc7 31.Ke1 Bxa3 32.h5 gxh5 33.Qxh5 Qg3+ 34.
Ke2 Qg2+ 35.Bf2 Be7 36.Qh6+ Kg8 37.Qxa6 Qg4+ 38.Ke1 Bb4+ 0-1

[Event "2 IECC, Ohrid"]
[Site "Ohrid MKD"]
[Date "2001.06.11"]
[Round "10.93"]
[White "Haznedaroglu, Kivanc"]
[Black "Mitkov, Marjan"]
[Result "0-1"]
[WhiteElo "2358"]
[BlackElo "2424"]
[EventDate "2001.06.01"]
[PlyCount "104"]

1.e4 e5 2.Nf3 Nc6 3.Bb5 Nf6 4.O-O Bc5 5.c3 O-O 6.d4 Bb6 7.Bg5 h6 8.Bh4 d6 
9.Bxc6 bxc6 10.dxe5 dxe5 11.Qa4 Qd6 12.Na3 Nd7 13.Rfd1 Qe6 14.Qc4 Qxc4 15.
Nxc4 f6 16.a4 a5 17.Nfd2 Nc5 18.Nxb6 cxb6 19.Nc4 Be6 20.Nxb6 Rab8 21.f3 
Nb3 22.Bf2 Nxa1 23.Rxa1 Rfd8 24.b4 axb4 25.cxb4 Rd2 26.Be3 Re2 27.Bc5 Rd8 
28.a5 Rdd2 29.g4 Rxh2 30.Rd1 Rxd1+ 31.Kxh2 Ra1 32.Kg3 Ra2 33.Na8 Bc4 34.
Nb6 Be2 35.Nc8 Kf7 36.Nd6+ Ke6 37.Nf5 g6 38.Ne7 Ra3 39.Nxc6 Bxf3 40.b5 Rb3
41.Nb4 Be2+ 42.Kf2 Bxb5 43.a6 Bd3 44.a7 Bxe4 45.Na6 Rb2+ 46.Ke3 Bc6 47.
Nc7+ Kd7 48.a8=Q Bxa8 49.Nxa8 Rb8 50.Nb6+ Kc6 51.Na4 Ra8 52.Nb6 Kxc5 0-1

[Event "2 IECC, Ohrid"]
[Site "Ohrid MKD"]
[Date "2001.06.11"]
[Round "10.95"]
[White "Blatny, Pavel"]
[Black "Vasovski, Nikola"]
[Result "0-1"]
[WhiteElo "2547"]
[BlackElo "2359"]
[EventDate "2001.06.01"]
[PlyCount "106"]

1.Nf3 c5 2.e4 e6 3.b3 Nc6 4.Bb2 d6 5.g3 Nf6 6.Qe2 Be7 7.Bg2 O-O 8.O-O Rb8 
9.d4 Qc7 10.dxc5 dxc5 11.e5 Nd7 12.a4 a6 13.Na3 Nb6 14.Rad1 Bd7 15.h4 Rbd8
16.Qe4 Bc8 17.Rde1 h6 18.Nh2 Nd4 19.Ng4 Nd5 20.c3 Nf5 21.Qe2 Bd7 22.Be4 
Bc6 23.c4 Nb4 24.Nf6+ Bxf6 25.exf6 Bxe4 26.fxg7 Rfe8 27.Qxe4 Nd3 28.Bf6 
Nxe1 29.Rxe1 Nxg3 30.Qg4 Nf5 31.Nc2 Qc6 32.Qh5 Rd3 33.Ne3 Qe4 34.Bg5 Nxg7 
35.Qxh6 Qg6 36.Ng4 Qxh6 37.Bxh6 Red8 38.Re5 Nf5 39.Bg5 Rc8 40.Bf6 Kh7 41.
Bg5 Kg6 42.Kg2 Rxb3 43.Re4 b5 44.axb5 axb5 45.Ne5+ Kg7 46.Nd7 Rb4 47.Rg4 
Rxc4 48.Bf4+ Kh7 49.h5 Rxf4 50.Rxf4 c4 51.Rg4 c3 52.Nf6+ Kh8 53.h6 Nxh6 
0-1

[Event "2 IECC, Ohrid"]
[Site "Ohrid MKD"]
[Date "2001.06.11"]
[Round "10.96"]
[White "Zuger, Beat"]
[Black "Gicev, Blagoja"]
[Result "1-0"]
[WhiteElo "2448"]
[BlackElo "2336"]
[EventDate "2001.06.01"]
[PlyCount "51"]

1.c4 g6 2.e4 Bg7 3.d4 d6 4.Nc3 Nf6 5.Bd3 O-O 6.Nge2 c5 7.d5 e6 8.O-O exd5 
9.cxd5 Nbd7 10.Kh1 a6 11.a4 b6 12.Bg5 Ne5 13.Bc2 Rb8 14.f4 Nc4 15.e5 dxe5 
16.fxe5 Nxe5 17.Ne4 Neg4 18.Qc1 Qe8 19.Bxf6 Nxf6 20.Rxf6 Qe5 21.Rf1 Bb7 
22.N2c3 b5 23.axb5 axb5 24.Nxc5 b4 25.N3e4 f5 26.Nxb7 1-0

[Event "2 IECC, Ohrid"]
[Site "Ohrid MKD"]
[Date "2001.06.11"]
[Round "10.97"]
[White "Colovic, Aleksandar"]
[Black "Ilic, Ljubomir"]
[Result "1/2-1/2"]
[WhiteElo "2413"]
[BlackElo "2282"]
[EventDate "2001.06.01"]
[PlyCount "46"]

1.e4 c5 2.Nf3 e6 3.d4 cxd4 4.Nxd4 Nf6 5.Nc3 Nc6 6.Ndb5 Bb4 7.a3 Bxc3+ 8.
Nxc3 d5 9.Bd3 dxe4 10.Nxe4 Nxe4 11.Bxe4 Qxd1+ 12.Kxd1 f5 13.Bd3 Kf7 14.f4 
b6 15.Be3 Bb7 16.Ke2 Ne7 17.Kf2 Nd5 18.Rhe1 Rad8 19.Rad1 h6 20.c3 Nxe3 21.
Rxe3 Be4 22.g3 Kf6 23.Ke2 Bd5 1/2-1/2

[Event "2 IECC, Ohrid"]
[Site "Ohrid MKD"]
[Date "2001.06.11"]
[Round "10.98"]
[White "Petkovski, Vlatko"]
[Black "Kiroski, Toni"]
[Result "0-1"]
[WhiteElo "2265"]
[BlackElo "2403"]
[EventDate "2001.06.01"]
[PlyCount "94"]

1.e4 c5 2.Nf3 d6 3.c3 Nf6 4.h3 g6 5.Bd3 Bg7 6.Bc2 O-O 7.d4 Nc6 8.dxc5 dxc5
9.Qe2 Qc7 10.O-O Nh5 11.Re1 e5 12.Na3 h6 13.Be3 Nf4 14.Qf1 b6 15.Bb3 Ne7 
16.Bxf4 exf4 17.Nb5 Qb8 18.Rad1 a6 19.Nd6 b5 20.Nxc8 Qxc8 21.Bd5 Rb8 22.e5
Rd8 23.c4 bxc4 24.Bxc4 Rxd1 25.Rxd1 Rxb2 26.Bxa6 Qf5 27.Bd3 Qh5 28.a4 Bxe5
29.Qe1 Bf6 30.a5 c4 31.Bxc4 Qc5 32.Rc1 Qa7 33.a6 Nf5 34.Rb1 Nd4 35.Nd2 
Rxb1 36.Qxb1 Nf5 37.Nb3 Bh4 38.Qc2 Kh7 39.Bd3 Ne3 40.Qc5 Qb8 41.Nd2 Qb2 
42.Ne4 Qa1+ 43.Kh2 Nd1 44.Be2 Nxf2 45.Nf6+ Qxf6 46.Qa3 Bg3+ 47.Kg1 Qd4 0-1

[Event "2 IECC, Ohrid"]
[Site "Ohrid MKD"]
[Date "2001.06.11"]
[Round "10.100"]
[White "Ulker, Ates"]
[Black "Kizov, Atanas"]
[Result "1/2-1/2"]
[WhiteElo "2332"]
[BlackElo "2368"]
[EventDate "2001.06.01"]
[PlyCount "89"]

1.e4 e5 2.Nf3 Nc6 3.Bb5 Nf6 4.O-O Nxe4 5.d4 Be7 6.Qe2 Nd6 7.Bxc6 bxc6 8.
dxe5 Nb7 9.Nc3 O-O 10.Be3 d5 11.Rad1 Nc5 12.Bxc5 Bxc5 13.Na4 Qe7 14.h3 Re8
15.Qd3 a5 16.Nxc5 Qxc5 17.Rfe1 h6 18.a4 Qb6 19.b3 Be6 20.Nd4 Rad8 21.Kh2 
Bc8 22.f4 c5 23.Nf3 Qb4 24.Qd2 Qxd2 25.Nxd2 Bf5 26.g4 Bc8 27.Nb1 Ba6 28.
Nc3 c6 29.Kg3 Rb8 30.Na2 c4 31.Nc1 Rb4 32.Re3 Rd8 33.e6 Re8 34.exf7+ Kxf7 
35.Rxe8 Kxe8 36.Re1+ Kf7 37.f5 cxb3 38.Nxb3 Rxa4 39.Nc5 Ra3+ 40.Kf4 Bb5 
41.h4 Rc3 42.Nb7 Rc4+ 43.Kg3 Rc3+ 44.Kf4 Rc4+ 45.Kg3 1/2-1/2

[Event "2 IECC, Ohrid"]
[Site "Ohrid MKD"]
[Date "2001.06.11"]
[Round "10.101"]
[White "Gicov, Zoran"]
[Black "Grant, Jonathan"]
[Result "1-0"]
[WhiteElo "2257"]
[BlackElo "2218"]
[EventDate "2001.06.01"]
[PlyCount "153"]

1.e4 c6 2.d4 d5 3.e5 Bf5 4.Nf3 e6 5.Be2 c5 6.Be3 cxd4 7.Nxd4 Ne7 8.c4 dxc4
9.O-O Nbc6 10.Bxc4 Nxd4 11.Bxd4 Nc6 12.Bb5 Qc7 13.Qa4 Be7 14.Rc1 O-O 15.
Bxc6 bxc6 16.Nd2 Rfd8 17.Nb3 Be4 18.Rc3 Rab8 19.Bb6 Qxb6 20.Qxe4 c5 21.Qc2
Rd5 22.Re1 Rbd8 23.h3 Qc7 24.f4 g6 25.Kh2 Qb6 26.Re2 Kg7 27.Nd2 Rd4 28.Ne4
R8d5 29.b3 h5 30.Rf3 Qd8 31.Rff2 h4 32.Nc3 Rd7 33.Ne4 a5 34.Rd2 R7d5 35.
Rxd4 cxd4 36.Qd3 Qb6 37.Rc2 Qb4 38.Rc4 Qb5 39.Kg1 Qb6 40.Kf2 Qb5 41.Ke2 
Rd8 42.Rxd4 Qb6 43.Rxd8 Bxd8 44.Qd7 Qb4 45.Nd6 Qxf4 46.Qxd8 Qxe5+ 47.Kd3 
Qd5+ 48.Kc3 Qe5+ 49.Kd3 Qd5+ 50.Ke3 Qe5+ 51.Ne4 Qh2 52.Qf6+ Kg8 53.Qd8+ 
Kg7 54.Qf6+ Kg8 55.Kf3 Qg1 56.Qxh4 Qd1+ 57.Ke3 Qc1+ 58.Nd2 Qc5+ 59.Ke2 Kg7
60.Qe4 f5 61.Qxe6 Qg1 62.Qd5 Kh7 63.Kd3 Qf2 64.Kc4 Qe2+ 65.Kc5 Qe7+ 66.Kb5
Qb4+ 67.Ka6 Kh6 68.a4 Qc3 69.Nf3 Kh7 70.h4 f4 71.Qc4 Qb2 72.Qf7+ Kh6 73.
Qxf4+ Kh7 74.Ng5+ Kh6 75.Nf7+ Kh7 76.Qh6+ Kg8 77.Qh8+ 1-0

[Event "2 IECC, Ohrid"]
[Site "Ohrid MKD"]
[Date "2001.06.12"]
[Round "11.1"]
[White "Van Wely, Loek"]
[Black "Sutovsky, Emil"]
[Result "1/2-1/2"]
[WhiteElo "2670"]
[BlackElo "2604"]
[EventDate "2001.06.01"]
[PlyCount "82"]

1.d4 Nf6 2.c4 g6 3.Nc3 d5 4.Nf3 Bg7 5.cxd5 Nxd5 6.e4 Nxc3 7.bxc3 c5 8.Be3 
Qa5 9.Qd2 Nc6 10.Rc1 cxd4 11.cxd4 Qxd2+ 12.Kxd2 O-O 13.d5 Rd8 14.Ke1 Na5 
15.Bg5 Bd7 16.Bd3 Rdc8 17.Ke2 e6 18.Be3 exd5 19.exd5 a6 20.Bb6 Re8+ 21.Kd2
Bh6+ 22.Be3 Bf8 23.Ng5 Bb5 24.Rc7 Rad8 25.Bxb5 axb5 26.Nxf7 Rxd5+ 27.Kc2 
Rf5 28.Nh6+ Bxh6 29.Bxh6 Rxf2+ 30.Kc3 Rxg2 31.Rg7+ Kh8 32.Rc7 Nc6 33.Re1 
Ra8 34.Bg7+ Kg8 35.Kb3 Rxh2 36.Bc3 Rhxa2 37.Bb2 R2a4 38.Rg7+ Kh8 39.Rd7+ 
Kg8 40.Rg7+ Kh8 41.Rd7+ Kg8 1/2-1/2

[Event "2 IECC, Ohrid"]
[Site "Ohrid MKD"]
[Date "2001.06.12"]
[Round "11.15"]
[White "Moiseenko, Olexandr"]
[Black "Tkachiev, Vladislav"]
[Result "1/2-1/2"]
[WhiteElo "2561"]
[BlackElo "2672"]
[EventDate "2001.06.01"]
[PlyCount "84"]

1.d4 d6 2.e4 Nf6 3.f3 c5 4.c3 Nc6 5.Be3 d5 6.e5 Nd7 7.e6 fxe6 8.f4 Qb6 9.
Qd2 cxd4 10.cxd4 g5 11.g3 gxf4 12.gxf4 Nf6 13.Nc3 Ng4 14.O-O-O Bd7 15.Nf3 
Bh6 16.Bh3 Nxe3 17.Qxe3 Rf8 18.Ng5 Na5 19.Qe2 Rf6 20.Qh5+ Kd8 21.Rhe1 Bxg5
22.fxg5 Rf2 23.Re2 Rxe2 24.Qxe2 Rc8 25.Qf2 Nc4 26.Bf1 Be8 27.Bxc4 Rxc4 28.
Qe3 Bh5 29.Rd2 Qc6 30.Rc2 Bg6 31.b3 Rb4 32.Ne4 Qa6 33.Qf4 Qa3+ 34.Kb1 Rc4 
35.Qb8+ Kd7 36.Qxb7+ Ke8 37.Qb8+ Kf7 38.Qf4+ Kg8 39.Qb8+ Kf7 40.Qf4+ Kg8 
41.Qb8+ Kf7 42.Nc3 Bxc2+ 1/2-1/2